Guatemala: Crisis and Political Violence /
Las tendencias de cambio en la economía latinoamericana y su relación con el capitalismo mundial son analizados, desde el punto de vista político, por Torres-Rivas, aplicándolos a la crisis política guatemalteca. De acuerdo con el autor, Guatemala ilustra los conflictos sociales inherentes a una est...
Saved in:
| Main Author: | |
|---|---|
| Format: | Text |
| Subjects: | |
| Tags: |
Add Tag
No Tags, Be the first to tag this record!
|
MARC
| LEADER | 00000 a a2200000 04500 | ||
|---|---|---|---|
| 001 | 9810 | ||
| 003 | |||
| 040 | |||
| 100 | |a Torres-Rivas, Edelberto | ||
| 245 | |a Guatemala: |b Crisis and Political Violence / |c Edelberto Torres-Rivas | ||
| 520 | |a Las tendencias de cambio en la economía latinoamericana y su relación con el capitalismo mundial son analizados, desde el punto de vista político, por Torres-Rivas, aplicándolos a la crisis política guatemalteca. De acuerdo con el autor, Guatemala ilustra los conflictos sociales inherentes a una estructura económica dominada por los intereses foráneos, siendo una economía tradicionalmente aroexportadora y que sigue una dirección hacia un modelo de exportación industrial definido por las directrices extranjeras en el país. Explica la posición de la debilitada y dividida burguesía, que se empeña en mantener su poder a través de la represión absoluta de los sectores populares. ABB/mb | ||
| 650 | |a POLITICA | ||
| 650 | |a ADAPTACION AL CAMBIO | ||
| 650 | |a REVOLUCION | ||
| 650 | |a BURGUESIA | ||
| 650 | |a CONFLICTOS | ||
| 650 | |a CLASES SOCIALES | ||
| 650 | |a LUCHA DE CLASES | ||
| 650 | |a GUERRA CIVIL | ||
| 650 | |a ELITE | ||
| 650 | |a CLASE OBRERA | ||
| 773 | |g volumen 14, número 1; páginas 16-27 | ||
| 999 | |c 33687 |d 33687 | ||
